000 00946nas a2200313 4500
001 BR2017002996
003 BR-BrBNA
005 20231205131129.0
007 ta
008 230509b bl.|||p| |||| 00| 00por d
040 _aBR-BrBNA
_bpor
_cBiblioteca Nacional de Agricultura
041 _a(Pt)
072 _aL70
100 1 _aGalvani, G.D.
100 1 _aNardi, L.B.C.
100 1 _aMarins, M.H.
100 1 _aCardoso, S.C.G.
100 1 _aGarrido Neto, L.L.
100 1 _aFerreira, M.C.
100 1 _aBarbuglio, F.R.
100 1 _aManhoso, F.F.R.
245 1 _aProjeto O Pulo do Gato: a Medicina Veterinária por uma Saúde Única
650 _aGATO
650 _aBEM-ESTAR
650 _aVETERINÁRIA
773 0 _tRevista de Educação Continuada em Medicina Veterinária e Zootecnia (Brazil)
_xISSN 2179-6645
_g(2017), v. 15(3) p. 24-30
_wBR2017002996
909 _a202311
_bLúcia
_c55
_dLúcia Elande
942 _2AGRIS
_n0
_cANA
999 _c253180
_d253180